Educación de adultos y didáctica universitaria en un sistema de educación a distancia /
Este trabajo pretende hacer un llamado a la reflexión acerca del papel que desempeñamos como docentes, y a la interacción constante que tenemos con nuestros alumnos, quienes al estar inmersos en un sistema de educación superior universitario ostentan la categoría de adulto. Esto nos lleva a cuestio...
Gorde:
| Egile nagusia: | |
|---|---|
| Formatua: | Artikulua |
| Hizkuntza: | Spanish |
| Argitaratua: |
San José, Costa Rica :
Editorial Universidad de Costa Rica,
2002
|
| Gaiak: | |
| Etiketak: |
Etiketa erantsi
Etiketarik gabe, Izan zaitez lehena erregistro honi etiketa jartzen!
|
MARC
| LEADER | 00000nab a2200000 4500 | ||
|---|---|---|---|
| 005 | 20160328161216.0 | ||
| 008 | 150813b2002 cr f|||| |||| 00| 0 spa d | ||
| 090 | |a REVIS 06.02.01 | ||
| 100 | 1 | |9 855 |a Mora Hamblin, Delfina | |
| 245 | 1 | 0 | |a Educación de adultos y didáctica universitaria en un sistema de educación a distancia / |c Delfina Mora Hamblin |
| 260 | |a San José, Costa Rica : |b Editorial Universidad de Costa Rica, |c 2002 | ||
| 300 | |a páginas 159-168 | ||
| 520 | |a Este trabajo pretende hacer un llamado a la reflexión acerca del papel que desempeñamos como docentes, y a la interacción constante que tenemos con nuestros alumnos, quienes al estar inmersos en un sistema de educación superior universitario ostentan la categoría de adulto. Esto nos lleva a cuestionarnos, si realmente estamos reconociendo sus características particulares y tomándolas en cuenta tanto en el diseño curricular , como en la elaboración de materiales didácticos. Interesa, además, reconocer la importancia del papel del docente como mediador pedagógico, principalmente en un sistema de educación a distancia | ||
| 650 | 1 | 4 | |9 1 |a EDUCACIÓN |
| 773 | 0 | |d San José, Costa Rica : Editorial de la Universidad de Costa Rica, 1997- |o R0059 |t EDUCACIÓN: Revista de la Universidad de Costa Rica |g Vol.26, no.2 (2002) | |
| 942 | |h REVIS 06.02.01 |2 z |c 10 | ||
| 999 | |c 2812 |d 2812 | ||
